Býci prevzali kontrolu nad akciovým trhom podielové fondy od 24. februára 2012 do 23. marca 2012

Údaje z globálnej ekonomiky, akciové a komoditné trhy. Rast výnosov v Európe a v USA. Bilancia čistých predajov a investície do fondov. Predpokladaný a očákávaný vývoj.

Saved in:
Bibliographic Details
Main Author: Hanson, Michael
Format: Book Chapter
Language:Slovak
Subjects:
Tags: Add Tag
No Tags, Be the first to tag this record!

MARC

LEADER 00000naa a2200000 4500
001 0150611
005 20231019092446.8
041 0 |a slo 
044 |a SK 
245 1 0 |a Býci prevzali kontrolu nad akciovým trhom  |b podielové fondy od 24. februára 2012 do 23. marca 2012  |c Michael Hanson 
520 |a Údaje z globálnej ekonomiky, akciové a komoditné trhy. Rast výnosov v Európe a v USA. Bilancia čistých predajov a investície do fondov. Predpokladaný a očákávaný vývoj. 
610 2 0 |a trh finančný 
610 2 0 |a trh akciový 
610 2 0 |a obchody burzové 
610 2 0 |a fondy podielové 
610 2 0 |a dlhopisy 
610 2 0 |a komodity 
610 2 0 |a investície 
610 2 0 |a investori 
100 1 |a Hanson, Michael